Basic microwave techniques and laboratory manual (Record no. 171545)

000 -LEADER
fixed length control field 00395nam a2200133Ia 4500
008 - FIXED-LENGTH DATA ELEMENTS--GENERAL INFORMATION
fixed length control field 220217s9999||||xx |||||||||||||| ||und||
020 ## - INTERNATIONAL STANDARD BOOK NUMBER
International Standard Book Number 0-85226-858-0
082 ## - DEWEY DECIMAL CLASSIFICATION NUMBER
Classification number 621.381 3 SIS
100 ## - MAIN ENTRY--PERSONAL NAME
Personal name Sisodia, M.L Raghuvanshi, S
9 (RLIN) 3385
245 #0 - TITLE STATEMENT
Title Basic microwave techniques and laboratory manual
260 ## - PUBLICATION, DISTRIBUTION, ETC.
Place of publication, distribution, etc. New age international
Name of publisher, distributor, etc. New Delhi
Date of publication, distribution, etc. 2000
300 ## - PHYSICAL DESCRIPTION
Other physical details 120
650 ## - SUBJECT ADDED ENTRY--TOPICAL TERM
Topical term or geographic name entry element ELECTRONICS
Holdings
Withdrawn status Lost status Damaged status Not for loan Collection code Home library Current library Shelving location Date acquired Full call number Barcode Date last seen Price effective from Koha item type
        Electronics and Communication Engineering Central Library Central Library Book Cart 02/18/2022 621.381 3 SIS 6734 02/18/2022 02/18/2022 Books

Powered by Koha